Dictionnaire des sciences anthropologiques (Record no. 150725)
[ view plain ]
| 000 -LEADER | |
|---|---|
| campo de control de longitud fija | 00799nam a2200193 i 4500 |
| 001 - NÚMERO DE CONTROL | |
| campo de control | 150725 |
| 003 - IDENTIFICADOR DE NÚMERO DE CONTROL | |
| campo de control | ES-MaACL |
| 005 - FECHA Y HORA DE LA ÚLTIMA TRANSACCIÓN | |
| campo de control | 20230906203649.0 |
| 007 - CAMPO FIJO DE DESCRIPCIÓN FÍSICA--INFORMACIÓN GENERAL | |
| campo de control de longitud fija | t| |
| 008 - DATOS DE LONGITUD FIJA--INFORMACIÓN GENERAL | |
| campo de control de longitud fija | 071107s1889 fr d |||| | fre d |
| 245 00 - MENCIÓN DEL TÍTULO | |
| Título | Dictionnaire des sciences anthropologiques |
| Resto del título | : anatomie, crâniologie, archéologie préhistorique, ethnographie (moeurs, arts, industrie), démographie, langues, religions / |
| Mención de responsabilidad, etc. | publié sous la direction de A. Bertillon ... [et al.]. |
| 260 ## - PUBLICACIÓN, DISTRIBUCIÓN, ETC. | |
| Lugar de publicación, distribución, etc. | Paris : |
| Nombre del editor, distribuidor, etc. | Octave Doin : |
| -- | Marpon et Flammarion, |
| Fecha de publicación, distribución, etc. | [1889] |
| 300 ## - DESCRIPCIÓN FÍSICA | |
| Extensión | III, 1128 p. : |
| Otras características físicas | il. ; |
| Dimensiones | 29 cm. |
| 650 #4 - PUNTO DE ACCESO ADICIONAL DE MATERIA--TÉRMINO DE MATERIA | |
| Término de materia o nombre geográfico como elemento de entrada | Antropología cultural y social- |
| Subdivisión de forma | Diccionarios. |
| 9 (RLIN) | 9871 |
| 650 14 - PUNTO DE ACCESO ADICIONAL DE MATERIA--TÉRMINO DE MATERIA | |
| Término de materia o nombre geográfico como elemento de entrada | Antropología física- |
| Subdivisión de forma | Diccionarios. |
| 9 (RLIN) | 9895 |
| 700 1# - ENTRADA AGREGADA--NOMBRE PERSONAL | |
| Nombre de persona | Bertillon, Alphonse. |
| 9 (RLIN) | 199555 |
| 852 ## - LOCALIZACIÓN | |
| Ubicación | ES-MaACL |
| Número de control de estantería | B-10951 |
| Estatus retirado | Estado de pérdida | Estado de daño | No para préstamo | Colección | Biblioteca de origen | Biblioteca actual | Ubicación en estantería | Fecha de adquisición | Fuente de adquisición | Total de préstamos | Signatura topográfica completa | Código de barras | Visto por última vez | Precio de reemplazo | Tipo de ítem Koha |
|---|---|---|---|---|---|---|---|---|---|---|---|---|---|---|---|
| Libros del s. XIX | Biblioteca del Ateneo de Madrid | Biblioteca del Ateneo de Madrid | Sala Pardo Bazán | 17/01/2008 | B-10951 | 1157274 | 23/02/2023 | 23/02/2023 | Libro impreso antiguo |
